000 00497nam a2200181Ia 4500
008 100917s9999 xx 000 0 und d
082 _b27485
100 _aटिळक इंदु , कोपरकर
245 _aओरिगामी
260 _bकेसरी मुद्रणालय
300 _a10
365 _b6
520 _aहुन्नर
630 _aओरिगामी
650 _aहुन्नर
730 _aओरिगामी
942 _cBOOK
999 _c632879
_d632876